000 01173nam a2200313 a 4500
001 000115500
003 CHAP
005 20220329144537.0
008 190529s2018 mx | |sm |||||||spa d
010 _a111961
011 _a112933
040 _cCHAP
090 _aTesis
100 1 _aRamírez Barraza, Brenda Aracely.
_993884
245 1 0 _aTarifas eficientes para el consumo de agua en la agricultura de la Comarca Lagunera, 2015-2016
_h[En línea]
_cpor Brenda Aracely Ramírez Barraza.
260 _aChapingo, Méx. :
_bEl autor,
_c2018.
500 _aPara ver el contenido del material haga clic en la liga
502 _aTesis (Ph.D. en Economía Agrícola) -- UACH. División de Ciencias Económico Administrativas
590 _aE11695DGD
_b01
_c20190530
_lUCH01
_h1227
590 _aE6337LMJ
_b05
_c20190529
_lUCH01
_h1456
590 _aE6337LMJ
_b05
_c20190529
_lUCH01
_h1456
650 1 4 _aAgua
_xAbastecimiento
_xCostos.
_92238
650 1 4 _aDistrito de Riego Comarca Lagunera.
_932862
650 1 4 _aIrrigación
_xCostos.
_960392
856 _aFinding aid
_uhttp://10.13.5.2/tesis/sist115500.pdf
_zTeclea aquí
901 _aBK
942 _cTESIS
942 _n0
999 _c111961
_d111961